000 00337nam a2200145Ia 4500
008 230718s9999 xx 000 0 und d
041 _aEng.
082 _a610
_bYEL-C
100 _aYeltong Michael
245 0 _aCase Management Series
260 _aPakistan
_bSonett and Maxwell
_c1998
300 _a305
650 _aLaw
999 _c26624
_d26624